[Event "British Rapidplay"]
[Site "Peterborough"]
[Date "2024.03.02"]
[Round "4"]
[White "Darbost, Fabien"]
[Black "Ou, Siyao"]
[Result "0-1"]
[WhiteElo "1615"]
[BlackElo "1497"]
[PlyCount "84"]
[EventDate "2024.03.02"]
[EventType "swiss (rapid)"]
[EventRounds "11"]
[EventCountry "ENG"]
[SourceTitle "CB10_2024"]
[SourceDate "2024.03.06"]
[SourceVersion "1"]
[SourceVersionDate "2024.03.06"]
[SourceQuality "1"]

1. d4 e6 2. c4 d5 3. Nc3 Nf6 4. cxd5 Nxd5 5. Nxd5 Qxd5 6. a3 c5 7. Nf3 Nc6 8. e3 Bd7 9. Bb5 a6 10. Bxc6 Bxc6 11. Qc2 Rc8 12. dxc5 Bxc5 13. b4 Be7 14. Bb2 Bd7 15. Qd2 Qxd2+ 16. Nxd2 Bf6 17. Bxf6 gxf6 18. 0-0 Bc6 19. f3 Rg8 20. Rac1 Ke7 21. Nb3 Bb5 22. Rfe1 Bc6 23. Kf2 Rgd8 24. Red1 Rxd1 25. Rxd1 Ba4 26. Rc1 Rxc1 27. Nxc1 b6 28. e4 f5 29. exf5 exf5 30. Ke3 Kf6 31. Nd3 Bb5 32. Nf2 h6 33. g4 Bd7 34. h3 Kg5 35. a4 Bxa4 36. gxf5 Kxf5 37. Ng4 Kg6 38. Ne5+ Kf6 39. Nd7+ Bxd7 40. h4 Kf5 41. Kd4 Bc6 42. Ke3 a5 0-1

[Event "British Rapidplay"]
[Site "Peterborough"]
[Date "2024.03.02"]
[Round "5"]
[White "Ou, Siyao"]
[Black "Bellano, Harry"]
[Result "0-1"]
[WhiteElo "1497"]
[BlackElo "1603"]
[PlyCount "144"]
[EventDate "2024.03.02"]
[EventType "swiss (rapid)"]
[EventRounds "11"]
[EventCountry "ENG"]
[SourceTitle "CB10_2024"]
[SourceDate "2024.03.06"]
[SourceVersion "1"]
[SourceVersionDate "2024.03.06"]
[SourceQuality "1"]

1. e4 e5 2. Nf3 Nc6 3. Bc4 Bc5 4. c3 Nf6 5. d3 a5 6. Bg5 h6 7. Bh4 0-0 8. 0-0 d6 9. Nbd2 Be6 10. Bb3 a4 11. Bxa4 g5 12. Bg3 Nh5 13. Kh1 f5 14. exf5 Bxf5 15. Bb3+ Kg7 16. Ne4 Nxg3+ 17. fxg3 Bxe4 18. dxe4 Na5 19. Be6 Bb6 20. b4 Nc6 21. a4 Qe7 22. Bd5 Nd8 23. a5 Ba7 24. Qb3 Qf6 25. Nd2 Qe7 26. Rxf8 Qxf8 27. Rf1 Qe7 28. Qd1 c6 29. Bc4 b5 30. Bb3 Ne6 31. Nf3 Rf8 32. Qd3 g4 33. Nh4 Rxf1+ 34. Qxf1 Qf6 35. Qxf6+ Kxf6 36. Nf5 Ng5 37. Nxh6 Nxe4 38. Nxg4+ Kg5 39. h3 Nxc3 40. Bc2 Nd5 41. Bd1 Nxb4 42. h4+ Kf5 43. Nh6+ Kg6 44. Ng8 Nd5 45. Bf3 Kg7 46. Bxd5 cxd5 47. Ne7 d4 48. Nc6 d3 49. Nxa7 d2 50. Nxb5 d1Q+ 51. Kh2 Qd5 52. Nc7 Qxa5 53. Ne8+ Kg6 54. Nxd6 Qd5 55. Ne8 Qd7 56. h5+ Kf7 57. Nf6 Kxf6 58. g4 Qxg4 59. h6 Qh5+ 60. Kg3 Qxh6 61. Kg4 Qf4+ 62. Kh3 e4 63. g3 Qf3 64. Kh4 e3 65. g4 Qxg4+ 66. Kxg4 e2 67. Kf3 e1Q 68. Kf4 Qe5+ 69. Kf3 Kf5 70. Kf2 Kf4 71. Kf1 Kg3 72. Kg1 Qe1# 0-1

[Event "UK-ch Blitz-B"]
[Site "Leamington Spa"]
[Date "2023.12.02"]
[Round "10.2"]
[White "Bhatia, Kanishka"]
[Black "Ou, Siyao"]
[Result "1-0"]
[WhiteElo "1768"]
[BlackElo "1251"]
[PlyCount "49"]
[EventDate "2023.12.02"]
[EventType "tourn (blitz)"]
[EventRounds "15"]
[EventCountry "ENG"]
[SourceTitle "CB50_2023"]
[SourceDate "2023.12.13"]
[SourceVersion "1"]
[SourceVersionDate "2023.12.13"]
[SourceQuality "1"]

1. Nf3 e6 2. g3 d5 3. Bg2 c5 4. b3 Nc6 5. Bb2 Nf6 6. 0-0 Be7 7. e3 Qd6 8. d4 Qc7 9. Nbd2 Bd7 10. Re1 a6 11. c4 Nb4 12. Qb1 Nc6 13. a3 a5 14. Ne5 Nxe5 15. dxe5 Ng8 16. cxd5 f6 17. d6 Bxd6 18. exd6 Qxd6 19. Nc4 Qc7 20. Qd3 Ne7 21. Nd6+ Kf8 22. Rad1 Nc6 23. Nb5 Qb6 24. Qd6+ Kf7 25. Qxd7+ 1-0

[Event "UK-ch Blitz-B"]
[Site "Leamington Spa"]
[Date "2023.12.02"]
[Round "5.7"]
[White "Briggs, Irina"]
[Black "Ou, Siyao"]
[Result "1/2-1/2"]
[WhiteElo "1560"]
[BlackElo "1251"]
[PlyCount "171"]
[EventDate "2023.12.02"]
[EventType "tourn (blitz)"]
[EventRounds "15"]
[EventCountry "ENG"]
[SourceTitle "CB50_2023"]
[SourceDate "2023.12.13"]
[SourceVersion "1"]
[SourceVersionDate "2023.12.13"]
[SourceQuality "1"]

1. e4 e6 2. d4 d5 3. exd5 exd5 4. Nf3 Nf6 5. Nc3 c6 6. Be3 Bg4 7. Be2 Bxf3 8. Bxf3 Nbd7 9. 0-0 Be7 10. h3 h6 11. Ne2 Bd6 12. c3 0-0 13. Bf4 Qc7 14. Bxd6 Qxd6 15. Ng3 Rae8 16. Qd2 Ne4 17. Bxe4 dxe4 18. Rae1 Qg6 19. Qf4 Nf6 20. Qf5 Qxf5 21. Nxf5 Re6 22. Ng3 Rfe8 23. Re2 e3 24. fxe3 Rxe3 25. Rxe3 Rxe3 26. Nf5 Re2 27. Rf2 Re1+ 28. Kh2 Re6 29. Ng3 Ne4 30. Nxe4 Rxe4 31. Kg3 Re6 32. Kf3 Kf8 33. Re2 Ke7 34. Rxe6+ Kxe6 35. Ke4 f6 36. g4 g6 37. h4 h5 38. gxh5 gxh5 39. b3 b6 40. a3 a6 41. c4 a5 42. b4 axb4 43. axb4 b5 44. d5+ cxd5+ 45. cxd5+ Kd6 46. Kd4 f5 47. Ke3 Kxd5 48. Kf4 Kc4 49. Kxf5 Kxb4 50. Kg5 Kc3 51. Kxh5 b4 52. Kg6 b3 53. h5 b2 54. h6 b1Q+ 55. Kg7 Qb7+ 56. Kg6 Qc6+ 57. Kg7 Qd7+ 58. Kg6 Qd6+ 59. Kg7 Qe7+ 60. Kg6 Qe4+ 61. Kg7 Qg4+ 62. Kh7 Qd7+ 63. Kg6 Qe6+ 64. Kg7 Qe5+ 65. Kg6 Qe4+ 66. Kg7 Qg4+ 67. Kf6 Qh4+ 68. Kg7 Qd4+ 69. Kg6 Qd6+ 70. Kg7 Qe7+ 71. Kg6 Qe8+ 72. Kg7 Qd7+ 73. Kg6 Qg4+ 74. Kf6 Kd4 75. h7 Qh4+ 76. Kg7 Qe7+ 77. Kg8 Qe6+ 78. Kg7 Qe5+ 79. Kg8 Qg5+ 80. Kf7 Kd5 81. h8Q Qf5+ 82. Qf6 Qh7+ 83. Qg7 Qh5+ 84. Qg6 Qf3+ 85. Qf6 Qxf6+ 86. Kxf6 1/2-1/2

[Event "UK-ch Blitz-B"]
[Site "Leamington Spa"]
[Date "2023.12.02"]
[Round "8.1"]
[White "Hng, Mei Xian Eunice"]
[Black "Ou, Siyao"]
[Result "1-0"]
[WhiteElo "1767"]
[BlackElo "1251"]
[PlyCount "69"]
[EventDate "2023.12.02"]
[EventType "tourn (blitz)"]
[EventRounds "15"]
[EventCountry "ENG"]
[SourceTitle "CB50_2023"]
[SourceDate "2023.12.13"]
[SourceVersion "1"]
[SourceVersionDate "2023.12.13"]
[SourceQuality "1"]

1. e4 e6 2. d3 d5 3. Qe2 Nf6 4. Nf3 c5 5. g3 Nc6 6. c3 b6 7. Bg2 Bb7 8. 0-0 Be7 9. Re1 Qd6 10. Bf4 Qd7 11. e5 Nh5 12. Bg5 f6 13. exf6 Nxf6 14. Qxe6 Qxe6 15. Rxe6 0-0-0 16. Nbd2 Rde8 17. Rae1 h6 18. Bxf6 gxf6 19. Nh4 Rhg8 20. Nf5 Kd7 21. Bxd5 Rgf8 22. Bxc6+ Bxc6 23. Rxe7+ Rxe7 24. Rxe7+ Kd8 25. Rxa7 Re8 26. Ne3 f5 27. Rf7 f4 28. Rxf4 h5 29. h4 Kd7 30. Rf7+ Kd8 31. Ndc4 Re7 32. Rxe7 Kxe7 33. Nxb6 Kd6 34. Nbc4+ Ke7 35. b4 1-0

[Event "UK-ch Blitz-B"]
[Site "Leamington Spa"]
[Date "2023.12.02"]
[Round "2.2"]
[White "Ou, Siyao"]
[Black "Kong, Emma"]
[Result "0-1"]
[WhiteElo "1251"]
[BlackElo "1269"]
[PlyCount "138"]
[EventDate "2023.12.02"]
[EventType "tourn (blitz)"]
[EventRounds "15"]
[EventCountry "ENG"]
[SourceTitle "CB50_2023"]
[SourceDate "2023.12.13"]
[SourceVersion "1"]
[SourceVersionDate "2023.12.13"]
[SourceQuality "1"]

1. e4 c5 2. Nc3 Nc6 3. Nf3 d6 4. d4 cxd4 5. Nxd4 Nf6 6. Nf3 a6 7. Be2 e6 8. 0-0 Be7 9. Bg5 0-0 10. Kh1 b5 11. Be3 Bb7 12. e5 dxe5 13. Qxd8 Raxd8 14. Bb6 Rd7 15. Bd3 Bd6 16. Ne4 Nxe4 17. Bxe4 f6 18. Be3 Nb4 19. c3 Bxe4 20. cxb4 Bxf3 21. gxf3 Bxb4 22. a3 Bd2 23. Bc5 Rc8 24. Be3 Bxe3 25. fxe3 Rd2 26. Rg1 Rcc2 27. Rgd1 Rxh2+ 28. Kg1 Rhd2 29. Rxd2 Rxd2 30. Rb1 Rd3 31. Kf2 h5 32. Ke2 Rd7 33. Rh1 g6 34. b3 Rc7 35. Kd2 Kh7 36. Rh2 Kh6 37. Rg2 g5 38. Rg1 h4 39. Kd3 f5 40. Rh1 Kh5 41. e4 f4 42. Kd2 g4 43. fxg4+ Kxg4 44. Rg1+ Kf3 45. Rf1+ Kg2 46. Re1 h3 47. Re2+ Kg3 48. Re1 h2 49. Rh1 Kg2 50. Re1 h1Q 51. Rxh1 Kxh1 52. Ke2 Kh2 53. Kd3 Kg3 54. b4 f3 55. Kd2 f2 56. a4 bxa4 57. b5 axb5 58. Ke3 Kg2 59. Kd2 Rd7+ 60. Ke3 Rd3+ 61. Kxd3 f1Q+ 62. Kc3 Qd1 63. Kb4 Kf3 64. Kxb5 Kxe4 65. Kb4 Qc1 66. Kxa4 Qb1 67. Ka5 Kd5 68. Ka6 Kc6 69. Ka5 Qb5# 0-1

[Event "UK-ch Blitz-B"]
[Site "Leamington Spa"]
[Date "2023.12.02"]
[Round "15.3"]
[White "Ou, Siyao"]
[Black "Sivanandan, Bodhana"]
[Result "0-1"]
[WhiteElo "1251"]
[BlackElo "1944"]
[PlyCount "46"]
[EventDate "2023.12.02"]
[EventType "tourn (blitz)"]
[EventRounds "15"]
[EventCountry "ENG"]
[SourceTitle "CB50_2023"]
[SourceDate "2023.12.13"]
[SourceVersion "1"]
[SourceVersionDate "2023.12.13"]
[SourceQuality "1"]

1. e4 c6 2. d4 d5 3. exd5 cxd5 4. Bd3 Nc6 5. c3 Qc7 6. Ne2 Bg4 7. 0-0 e6 8. Qe1 Bd6 9. Kh1 Nge7 10. f3 Bf5 11. Bxf5 Nxf5 12. f4 0-0 13. Qf2 f6 14. Qf3 Nfe7 15. Qh5 e5 16. Bd2 exd4 17. Nxd4 Nxd4 18. cxd4 f5 19. Nc3 Qd7 20. Rf3 Rf6 21. Rh3 Rh6 22. Qf3 Rh5 23. Rxh5 Bb4 0-1